| 000 | 00606nam a2200205 4500 | ||
|---|---|---|---|
| 003 | OSt | ||
| 005 | 20240622014610.0 | ||
| 006 | a | ||
| 008 | 240622b |||||||| |||| 00| 0 eng d | ||
| 020 | _a9710871455 | ||
| 040 |
_aDWCL-Main lib. _cOC |
||
| 082 | _aFil. 515.35 D569 2012 | ||
| 110 | _aJonathan B. Cabero | ||
| 245 | _aDifferential equations : a simplified approach / | ||
| 260 |
_aMandaluyong City : _bNational Book Store, _cc2012. |
||
| 300 |
_ax, _b159 p. ; _c25 cm. |
||
| 504 | _aIncludes bibliographical references. | ||
| 650 | _a1. Differential equations. | ||
| 942 |
_2ddc _n0 _cBK-CIRC _kFil. |
||
| 999 |
_c1109 _d1109 |
||